| 000 | 00808nam a22002057a 4500 | ||
|---|---|---|---|
| 999 |
_c17787 _d17787 |
||
| 003 | AR-CdUCM | ||
| 008 | 190509b ||||| |||| 00| 0 spa d | ||
| 040 |
_aMUNICIPALIDAD PROVINCIAL DEL CUSCO _cBIBLIOTECA MUNICIPAL DEL CUSCO |
||
| 082 |
_a920 / _bAP64 |
||
| 100 |
_aApollinaire, Guillaume. _914305 |
||
| 245 | _aLa escandalosa vida de los Borgia / | ||
| 260 |
_aSantiago de Chile : _bCultura, _c1935. |
||
| 300 |
_a157 páginas ; _c19 cm. |
||
| 440 |
_aColección hombres e ideas. _930521 |
||
| 505 | _aContenido :La roma de los Borgia -- Recepción del rey de Francia -- La fiesta en la viña de San Pedro an vincula -- Los sicarios de César -- Los desvanecimientos de Alejandro VI ... | ||
| 650 |
_aLos Borgia.. _915835 |
||
| 650 |
_aSiglo XX. _98 |
||
| 942 |
_2ddc _cLIBROS |
||
| 945 |
_arum _d2019-05-09 |
||